00628nam a2200145Ia 4500008004100000050002400041100002600065245011700091260008600208300002800294521002700322942000700349999001900356952010700375140724s9999 xx 000 0 und d aQA 76.5b.V162 2011 aValera, Lea Angeli D. 4aThe attendance monitoring system of the New Life Christian Center (NLCC) Music Ministry /cLea Angeli D. Valera. aLas Piñas, Philippines :bSouthville International School and Colleges,cc2011. a55 p. :bill. ;c28 cm. aInformation Technology cTH c229257d229257 001040aCLbCLcTHESESd2014-07-24l0oQA 76.5 .V162 2011pT0611r2017-03-23 00:00:00w2014-07-24yTH